| 000 | 00474nam a22001577a 4500 | ||
|---|---|---|---|
| 003 | macl | ||
| 005 | 20200805120721.0 | ||
| 008 | 200805b xxu||||| |||| 00| 0 eng d | ||
| 040 | _cmacl | ||
| 082 | _a741.642 | ||
| 100 |
_aशर्मा, रचना _976957 |
||
| 245 | _aमहान वीरांगनाएं | ||
| 260 |
_aदिल्ली _bज्ञानाेदय _c2019 |
||
| 650 |
_aचिल्ड्रन बुक _9159 |
||
| 942 |
_2ddc _cHIN |
||
| 999 |
_c62836 _d62836 |
||